Los rasgos de la sociología crítica en México
Spremljeno u:
| Format: | Tekst |
|---|---|
| Jezik: | Spanish |
| Izdano: |
San José :
|
| Oznake: |
Dodaj oznaku
Bez oznaka, Budi prvi tko označuje ovaj zapis!
|
MARC
| LEADER | 00000 a a2200000 04500 | ||
|---|---|---|---|
| 001 | 17728 | ||
| 003 | cru CIDCACS/IIS | ||
| 005 | 20231025133107.0 | ||
| 008 | 231025b |||||||| |||| 00| 0 spa d | ||
| 040 | |c cru CIDCACS/IIS | ||
| 090 | |a 05.01.01 L879l | ||
| 245 | |a Los rasgos de la sociología crítica en México | ||
| 260 | |a San José : | ||
| 300 | |a 50 p. | ||
| 942 | |2 z |c LI |h 05.01.01 L879l |i 08402 |6 050101_L879L_08402 | ||
| 999 | |c 14875 |d 14875 | ||
